Регионална библиотека "Любен Каравелов" - Русе

Слънчогледите (Запис номер 346776)

MARC детайли
000 -Лидер
Контролно поле с фиксирана дължина 01034nam a2200277 a 4500
003 - Код на организацията, давaща контролен номер
Контролно поле BLK
005 - Дата и час на последна редакция
Контролно поле 20250516091153.0
008 - Елементи от данни с фиксирана дължина
fixed length control field 181218b bu |||gr|||| 00| 0 bu d
020 ## - Международен стандартен номер на книга ISBN
Международен стандартен номер на книга ISBN 978-954-8633-40-6
040 ## - Източник на каталожния запис
Идентификатор на билиотеката - собственик на записа BLK
041 ## - Код за език
Код за езика на текст/звукозапис или на отделно заглавие Български
Код за езика КДБФ Български
080 ## - УДК
Текстов определител УДК Българска литература
УДК код - определител по УДК 821.163.2
УДК определител -32
УДК - код + определител 821.163.2-32
100 ## - Редна дума - Автор
Автор Цанев, Явор Богомилов
Дати, свързани с автора 1971-
R(LIN) 381955
139 ## - Редно поле
Редна дума Цанев, Явор Богомилов
Авторски знак Цан - Ц 16
245 ## - Сведения за заглавието
Заглавие Слънчогледите
Подзаглавни данни Разкази
Редно поле (дума) Явор Цанев
260 ## - Област на издателските данни
9 (RLIN) 214217
Място на издаване, разпространение и проч. Русе
Име на издателя, разпространителя и проч. Gaiana Book Art Studio
Издателство - префикс ISBN 978-619-7354- ; 978-954-92465- ; 978-954-8633- ; 978-954-903
Година на издаване 2014
300 ## - Физическа характеристика
Страници 184 с.
Размери/Мащаб 22 см
380 ## - Жанр
Жанр Худож. лит.
700 ## - Други автори (авторска отговорност)
9 (RLIN) 1311
Лично име Илиева, Кети
Автороска отговорност (Описва отношението между автора и произведението) ред.
Друга информация Илиева, Кирилка Христова
852 ## - Местоположение
Фондова буква Заемна - подръчен фонд
Систематично-азбучна сигнатура П 886.7-32/Ц 16
852 ## - Местоположение
Фондова буква Краезнание
Систематично-азбучна сигнатура К 821.163.2/Ц 16 Я
999 ## - СИСТЕМНИ КОНТРОЛНИ НОМЕРА
Koha biblionumber 346776
Koha biblioitemnumber 346776
942 ## - АРТИКУЛИ
Вид на библиотечния материал Книги
Скрит в OPAC Не
Периодичен библиозапис Да
Koha issues (borrowed), all copies 6
999 ## - СИСТЕМНИ КОНТРОЛНИ НОМЕРА
Koha biblioitemnumber 346776
999 ## - СИСТЕМНИ КОНТРОЛНИ НОМЕРА
Koha biblioitemnumber 346776
944 ## - СЪЗДАВАНЕ И РЕДАКЦИЯ на ЗАПИСА
Служител, извършил регистрацията/редакцията 30542
Статус, дата на статуса Русанова Ирена
Наличности
Код за отписване Код за изгубен артикул Източник на класификационната схема Код за повреда Код за отдаване Артикулен № Име на библиотеката - собственик Име на библиотеката, в която се намира в момента Статус (Текущо местоположение) Дата на вписване в системата Местоположение - отдел Цена в лева Систематично азбучна сигнатура Баркод Цена в евро Служебен тип на артикула
  Не е изгубен Universal Decimal Classification Не е повреден заемане за дома 750016 Регионална библиотека "Любен Каравелов" Русе Регионална библиотека "Любен Каравелов" Русе Заемна - подръчен фонд 2019-11-27 Заемна - подръчен фонд 8.40 П 886.7-32/Ц 16 120000838142 4.29 Книги
  Не е изгубен Universal Decimal Classification Не е повреден ползва се в читалня 750017 Регионална библиотека "Любен Каравелов" Русе Регионална библиотека "Любен Каравелов" Русе Хранилище 2019-11-27 Хранилище 8.40 Цб 297355 120000838140 4.29 Книги
  Не е изгубен Universal Decimal Classification Не е повреден ползва се в читалня 750018 Регионална библиотека "Любен Каравелов" Русе Регионална библиотека "Любен Каравелов" Русе Краезнание 2019-11-27 Краезнание 8.40 К 821.163.2/Ц 16 Я 120000838141 4.29 Книги
Vip Innovations Ltd, Rousse, Bulgaria 2025